[Event "4NCL/Div2b/PPA2 vs. BRI1"]
[Site "Sunningdale ENG"]
[Date "2009.10.24"]
[Round "1.6"]
[White "Bennett, Dominic"]
[Black "Doci, Stefan"]
[Result "0-1"]
[WhiteElo "2098"]
[BlackElo "2076"]
[PlyCount "162"]
[EventDate "2009.10.24"]
[EventRounds "11"]
[EventCountry "ENG"]
[SourceDate "2009.10.24"]

1. e4 c6 2. Nc3 d5 3. Nf3 dxe4 4. Nxe4 Nf6 5. Ng3 Bg4 6. h3 Bxf3 7. Qxf3 e6 8.
c3 Be7 9. d4 O-O 10. Bd3 Nbd7 11. Bc2 Qb6 12. O-O c5 13. dxc5 Bxc5 14. Ne4 Nxe4
15. Qxe4 f5 16. Qh4 Rae8 17. Ba4 Re7 18. Be3 Nf6 19. Bxc5 Qxc5 20. Bb3 Kh8 21.
Qc4 Qxc4 22. Bxc4 e5 23. f3 e4 24. Rae1 e3 25. g3 Rc8 26. Bd3 Rd8 27. Bc4 Nh5
28. f4 Rd2 29. Rf3 e2 30. b4 Nf6 31. Rd3 Rxd3 32. Bxd3 Re3 33. Bxf5 Rxg3+ 34.
Kf2 Rxc3 35. Rxe2 g6 36. Be6 Kg7 37. Re3 Rc2+ 38. Kf3 Rc1 39. Bb3 Kf8 40. Kg2
Nh5 41. Re4 Rc3 42. Rd4 Ke7 43. Bd1 Ng7 44. Ba4 Rc7 45. Bb3 Kf6 46. Rc4 Rd7 47.
Rc8 Ne6 48. Bxe6 Kxe6 49. Kf3 Rd3+ 50. Ke4 Rxh3 51. Rc7 h5 52. a4 b5 53. Rxa7
Rb3 54. Ra6+ Kf7 55. a5 Rxb4+ 56. Ke5 h4 57. Rb6 h3 58. Rb7+ Kg8 59. Rb8+ Kh7
60. Rb7+ Kh6 61. Rb8 Kh7 62. Rb7+ Kh6 63. Rb8 Ra4 64. Rxb5 h2 65. Rb1 Rxa5+ 66.
Ke4 Kh5 67. Kf3 Kh4 68. Kg2 Ra2+ 69. Kh1 Kg3 70. Rf1 Rg2 71. Ra1 Rf2 72. Ra3+
Kxf4 73. Rg3 Rf1+ 74. Kxh2 Rf2+ 75. Kh3 Rf3 76. Rxf3+ Kxf3 77. Kh4 Kf4 78. Kh3
g5 79. Kg2 Kg4 80. Kf2 Kh3 81. Ke3 g4 {No further moves were recorded} 0-1

[Event "4NCL/Div2b/PPA2 vs. BRI1"]
[Site "Sunningdale ENG"]
[Date "2009.10.24"]
[Round "1.8"]
[White "Zhang, Roy Y"]
[Black "Mountford, Corinne"]
[Result "1/2-1/2"]
[WhiteElo "2010"]
[BlackElo "1602"]
[PlyCount "53"]
[EventDate "2009.10.24"]
[EventRounds "11"]
[EventCountry "ENG"]
[SourceDate "2009.10.24"]

1. d4 d5 2. Nf3 e6 3. c4 c5 4. Nc3 Nf6 5. Bg5 Be7 6. e3 Nc6 7. Be2 O-O 8. O-O
b6 9. Ne5 Bb7 10. Bf3 cxd4 11. exd4 Nxe5 12. dxe5 Ne4 13. Bxe7 Qxe7 14. cxd5
exd5 15. Qd4 Nxc3 16. bxc3 Rfd8 17. Bg4 Bc8 18. Be2 Bb7 19. f4 Rac8 20. Rfd1
Rc5 21. Rf1 Ra5 22. Rf3 Ba6 23. Bxa6 Rxa6 24. Qb4 Qc5+ 25. Qxc5 bxc5 26. Rd3 c4
27. Rd4 1/2-1/2

[Event "4NCL/Div2b/CELT1 vs. WWKS1"]
[Site "Sunningdale ENG"]
[Date "2009.10.24"]
[Round "1.8"]
[White "Hale, Katie LW"]
[Black "Owens, Megan R"]
[Result "0-1"]
[WhiteElo "1954"]
[BlackElo "1764"]
[PlyCount "72"]
[EventDate "2009.10.24"]
[EventRounds "11"]
[EventCountry "ENG"]
[SourceDate "2009.10.24"]

1. e4 c5 2. Nf3 a6 3. d4 cxd4 4. Nxd4 Nf6 5. Nc3 e5 6. Nf3 Bb4 7. Bd2 O-O 8.
Bd3 Re8 9. O-O d5 10. Re1 d4 11. Ne2 Bxd2 12. Qxd2 Nc6 13. c3 Bg4 14. h3 Bxf3
15. gxf3 dxc3 16. Qxc3 Rc8 17. Qb3 Nh5 18. Kh2 Qh4 19. Ng3 Nf4 20. Bf1 Nd4 21.
Qe3 Nc2 22. Qb3 b5 23. Rac1 Nxe1 24. Rxe1 Red8 25. Rd1 Rxd1 26. Qxd1 Qd8 27.
Qb3 Qd2 28. Kg1 Rc1 29. a4 Nxh3+ 30. Kg2 Nxf2 31. axb5 Nxe4+ 32. Ne2 Qg5+ 33.
Kh2 Rxf1 34. fxe4 Qh4+ 35. Kg2 Rf2+ 36. Kg1 Qh2# 0-1

[Event "4NCL/Div2b/GUI3 vs. FCA1"]
[Site "Sunningdale ENG"]
[Date "2009.10.24"]
[Round "1.8"]
[White "Evans, Helen I"]
[Black "Quinn, Joseph R"]
[Result "0-1"]
[WhiteElo "1626"]
[BlackElo "1828"]
[PlyCount "64"]
[EventDate "2009.10.24"]
[EventRounds "11"]
[EventCountry "ENG"]
[SourceDate "2009.10.24"]

1. e4 e5 2. Nc3 Nf6 3. Bc4 Bc5 4. d3 d6 5. Na4 Bb6 6. Nxb6 axb6 7. f4 Nc6 8.
Nf3 Bg4 9. h3 Bxf3 10. Qxf3 Nd4 11. Qd1 b5 12. Bb3 Nxb3 13. cxb3 O-O 14. O-O
Nd7 15. b4 c6 16. a3 Qb6+ 17. Kh1 Qd4 18. Qe2 exf4 19. Bxf4 Ne5 20. Rad1 Ng6
21. Be3 Qe5 22. Rf5 Qe6 23. Qf2 Rfe8 24. Bd4 Rad8 25. Rf1 Rd7 26. Bc3 f6 27.
Re1 Rde7 28. Kh2 Qd7 29. Qg3 d5 30. exd5 Qxf5 31. Rxe7 Rxe7 32. Qb8+ Kf7 0-1

[Event "4NCL/Div2b/BRI1 vs. CELT1"]
[Site "Hinckley Island ENG"]
[Date "2010.01.16"]
[Round "3.1"]
[White "Rudd, Jack"]
[Black "Hetey, Laszlo"]
[Result "1/2-1/2"]
[WhiteElo "2296"]
[BlackElo "2347"]
[PlyCount "86"]
[EventDate "2010.01.16"]
[EventRounds "11"]
[EventCountry "ENG"]
[SourceDate "2009.10.24"]

1. e4 e5 2. d4 exd4 3. Qxd4 Nc6 4. Qe3 g6 5. Nc3 Bg7 6. Bd2 Nf6 7. O-O-O O-O 8.
Bc4 Na5 9. Be2 Re8 10. f4 d6 11. Nf3 a6 12. h3 b5 13. e5 Bb7 14. Qf2 Nd7 15.
exd6 cxd6 16. f5 b4 17. Na4 Bc6 18. fxg6 hxg6 19. Ng5 Qf6 20. Qxf6 Bxf6 21. Bf3
Bxa4 22. Bxa8 Rxa8 23. Ne4 Rc8 24. Nxf6+ Nxf6 25. b3 Nxb3+ 26. axb3 Bxb3 27.
Bxb4 Rxc2+ 28. Kb1 Rc4 29. Rxd6 Rxb4 30. Rxf6 Bd5+ 31. Kc1 Bxg2 32. Rh2 Bb7 33.
Rb2 Rc4+ 34. Kd2 Bc8 35. Rc2 Rd4+ 36. Ke3 Rd8 37. Rc7 Re8+ 38. Kf4 Be6 39. Ra7
Rb8 40. Rxe6 fxe6 41. Kg5 Rb3 42. Kxg6 Rg3+ 43. Kf6 Rxh3 1/2-1/2

[Event "4NCL/Div2b/BRI1 vs. CELT1"]
[Site "Hinckley Island ENG"]
[Date "2010.01.16"]
[Round "3.2"]
[White "Maciol, Ryszard"]
[Black "Beaumont, Chris R"]
[Result "1/2-1/2"]
[WhiteElo "2245"]
[BlackElo "2306"]
[PlyCount "56"]
[EventDate "2010.01.16"]
[EventRounds "11"]
[EventCountry "ENG"]
[SourceDate "2009.10.24"]

1. d4 Nf6 2. c4 g6 3. Nc3 d5 4. cxd5 Nxd5 5. e4 Nxc3 6. bxc3 Bg7 7. Bc4 c5 8.
Ne2 Nc6 9. Be3 O-O 10. Rc1 cxd4 11. cxd4 Qa5+ 12. Kf1 Qa3 13. Qb3 Qxb3 14. Bxb3
Rd8 15. e5 Na5 16. Ba4 Be6 17. Nc3 f6 18. d5 Bxd5 19. Nxd5 Rxd5 20. exf6 Bxf6
21. Rc7 Rd3 22. Bc2 Ra3 23. Bb1 Kf7 24. Ke2 Be5 25. Rc5 Bd6 26. Rb5 Rc8 27.
Bxa7 Nc6 28. Be3 Nb4 1/2-1/2

[Event "4NCL/Div2b/BRI1 vs. CELT1"]
[Site "Hinckley Island ENG"]
[Date "2010.01.16"]
[Round "3.3"]
[White "Buckley, David E"]
[Black "Mueller, Jan"]
[Result "1-0"]
[WhiteElo "2274"]
[BlackElo "2165"]
[PlyCount "51"]
[EventDate "2010.01.16"]
[EventRounds "11"]
[EventCountry "ENG"]
[SourceDate "2009.10.24"]

1. d4 d5 2. c4 Nc6 3. Nc3 dxc4 4. Nf3 Nf6 5. d5 Na5 6. Qa4+ c6 7. b4 b5 8. Qxa5
Qxa5 9. bxa5 b4 10. Nd1 cxd5 11. g3 e6 12. Bg2 Be7 13. O-O O-O 14. a3 b3 15.
Bb2 Bd8 16. Ne5 Ba6 17. Nc6 Bc7 18. Rc1 Bb5 19. Nd4 Bd7 20. Nxb3 Rfb8 21. Nc5
Bc8 22. a6 Rb5 23. Na4 Bxa6 24. Rxc4 Rc8 25. Rc2 e5 26. Bh3 1-0

[Event "4NCL/Div2b/BRI1 vs. CELT1"]
[Site "Hinckley Island ENG"]
[Date "2010.01.16"]
[Round "3.4"]
[White "Kemp, Peter D"]
[Black "Bicknell, Carl"]
[Result "1-0"]
[WhiteElo "2164"]
[BlackElo "2194"]
[PlyCount "51"]
[EventDate "2010.01.16"]
[EventRounds "11"]
[EventCountry "ENG"]
[SourceDate "2009.10.24"]

1. d4 Nf6 2. c4 c5 3. d5 b5 4. cxb5 a6 5. f3 g6 6. e4 d6 7. Na3 Bg7 8. Ne2 O-O
9. Nc3 Nbd7 10. Be2 axb5 11. Naxb5 Ba6 12. O-O Qb6 13. Be3 Ne8 14. a4 Nc7 15.
Qd2 Nxb5 16. Nxb5 Rfb8 17. Rfc1 Qd8 18. Rab1 Nb6 19. a5 Nc8 20. b4 cxb4 21.
Rxb4 Bxb5 22. Bxb5 Na7 23. Ba6 Qd7 24. Rcb1 Rxb4 25. Qxb4 Nc8 26. Qb7 1-0

[Event "4NCL/Div2b/BRI1 vs. CELT1"]
[Site "Hinckley Island ENG"]
[Date "2010.01.16"]
[Round "3.5"]
[White "Sherwin, James T"]
[Black "Pedersen, Carsten"]
[Result "1/2-1/2"]
[WhiteElo "2235"]
[BlackElo "2155"]
[PlyCount "67"]
[EventDate "2010.01.16"]
[EventRounds "11"]
[EventCountry "ENG"]
[SourceDate "2009.10.24"]

1. Nf3 Nf6 2. d4 e6 3. c4 Nc6 4. a3 d6 5. Nc3 g6 6. d5 Ne5 7. Nxe5 dxe5 8. Bg5
Be7 9. dxe6 Bxe6 10. Qb3 Qc8 11. Qb5+ Nd7 12. Bxe7 Kxe7 13. Qb4+ c5 14. Qb3 Nb6
15. e3 Qc6 16. f3 Rad8 17. Be2 Rd7 18. O-O Rhd8 19. Rfd1 Rxd1+ 20. Rxd1 Rxd1+
21. Nxd1 Qd6 22. Nc3 Qd2 23. Kf1 Qxe3 24. Nd5+ Nxd5 25. Qxb7+ Kd6 26. cxd5 Bxd5
27. Qb8+ Ke6 28. Qxa7 Qd4 29. Qb6+ Ke7 30. b4 Bc4 31. Bxc4 Qxc4+ 32. Kf2 Qd4+
33. Ke2 Qc4+ 34. Kf2 1/2-1/2

[Event "4NCL/Div2b/BRI1 vs. CELT1"]
[Site "Hinckley Island ENG"]
[Date "2010.01.16"]
[Round "3.6"]
[White "Josse, Mark"]
[Black "Bennett, Dominic"]
[Result "1/2-1/2"]
[WhiteElo "2064"]
[BlackElo "2098"]
[PlyCount "141"]
[EventDate "2010.01.16"]
[EventRounds "11"]
[EventCountry "ENG"]
[SourceDate "2009.10.24"]

1. e4 c5 2. Nc3 a6 3. f4 e6 4. Nf3 b5 5. d4 cxd4 6. Nxd4 Bb7 7. Bd3 Bc5 8. Nb3
Ba7 9. Qe2 Nc6 10. Be3 Bxe3 11. Qxe3 Nb4 12. O-O Nf6 13. a3 Nxd3 14. cxd3 O-O
15. h3 Rc8 16. Rac1 d6 17. Ne2 Re8 18. g4 Re7 19. Ng3 h6 20. g5 hxg5 21. fxg5
Nd7 22. Nh5 Ne5 23. Rxc8 Qxc8 24. d4 Ng6 25. Na5 Ba8 26. Ng3 Rc7 27. Qf2 Qd7
28. Nb3 Kf8 29. Qd2 Bb7 30. Na5 Bc8 31. Nb3 Qc6 32. Qb4 Kg8 33. Rc1 Qb6 34.
Rxc7 Qxc7 35. Qc3 Qd7 36. Kh2 Nf4 37. e5 Bb7 38. exd6 Qxd6 39. Nc5 Qd5 40. Nge4
Bc6 41. Qg3 Qf5 42. Nf2 a5 43. Qg4 Qxg4 44. Nxg4 Ne2 45. g6 f5 46. Ne5 Bd5 47.
h4 f4 48. Ncd3 f3 49. Kh3 Nxd4 50. Kg4 Bc4 51. h5 Kf8 52. Kf4 Bd5 53. Ke3 Nf5+
54. Kf2 Ke7 55. Nxf3 Bxf3 56. Kxf3 Kf6 57. Nc5 e5 58. Ne4+ Ke6 59. Kg4 Nh6+ 60.
Kg5 b4 61. a4 Ng8 62. Nc5+ Kd5 63. Nb3 e4 64. Kf4 Nf6 65. Nxa5 Nxh5+ 66. Ke3
Ng3 67. Nb3 Nf5+ 68. Ke2 Ne7 69. Ke3 Nxg6 70. a5 Ne5 71. Nd2 1/2-1/2

[Event "4NCL/Div2b/BRI1 vs. CELT1"]
[Site "Hinckley Island ENG"]
[Date "2010.01.16"]
[Round "3.7"]
[White "Dilleigh, Stephen P"]
[Black "French, Angus J"]
[Result "1-0"]
[WhiteElo "2120"]
[BlackElo "2099"]
[PlyCount "49"]
[EventDate "2010.01.16"]
[EventRounds "11"]
[EventCountry "ENG"]
[SourceDate "2009.10.24"]

1. d4 d5 2. c4 c6 3. Nf3 Nf6 4. Nc3 dxc4 5. a4 Bf5 6. Ne5 Nbd7 7. Nxc4 Nb6 8.
Ne5 a5 9. g3 e6 10. Bg2 Bd6 11. e4 Bxe5 12. dxe5 Qxd1+ 13. Kxd1 Ng4 14. Ke2 Bg6
15. f4 f6 16. h3 Nh6 17. exf6 gxf6 18. f5 Nxf5 19. exf5 Bxf5 20. Ne4 O-O-O 21.
Bf4 e5 22. Be3 Nd5 23. Rhf1 Bg6 24. Rfd1 Rde8 25. Nd6+ 1-0

[Event "4NCL/Div2b/PPA2 vs. WWKS1"]
[Site "Hinckley Island ENG"]
[Date "2010.01.16"]
[Round "3.1"]
[White "Byway, Paul V"]
[Black "Pitcher, John"]
[Result "1/2-1/2"]
[WhiteElo "2158"]
[BlackElo "2193"]
[PlyCount "47"]
[EventDate "2010.01.16"]
[EventRounds "11"]
[EventCountry "ENG"]
[SourceDate "2009.10.24"]

1. Nf3 d5 2. c4 c6 3. g3 Nf6 4. Bg2 Bf5 5. b3 e6 6. O-O Be7 7. Bb2 O-O 8. d3 h6
9. Nbd2 Nbd7 10. a3 Bh7 11. b4 Bd6 12. e4 e5 13. cxd5 cxd5 14. exd5 Bxd3 15.
Re1 Re8 16. Qb3 e4 17. Nd4 Nb6 18. Nf5 Bf8 19. Ne3 Rc8 20. f3 Nfxd5 21. Nxd5
Qxd5 22. Qxd5 Nxd5 23. Nxe4 Nb6 24. Bd4 1/2-1/2

[Event "4NCL/Div2b/PPA2 vs. WWKS1"]
[Site "Hinckley Island ENG"]
[Date "2010.01.16"]
[Round "3.2"]
[White "Mason, Donald J"]
[Black "Goodger, Martyn"]
[Result "1-0"]
[WhiteElo "2255"]
[BlackElo "2147"]
[PlyCount "59"]
[EventDate "2010.01.16"]
[EventRounds "11"]
[EventCountry "ENG"]
[SourceDate "2009.10.24"]

1. d4 f5 2. Nc3 d5 3. Bg5 g6 4. Qd3 Bg7 5. O-O-O c6 6. h4 Be6 7. Nh3 h6 8. Bf4
Nd7 9. f3 Qb6 10. g4 O-O-O 11. gxf5 Bxf5 12. e4 dxe4 13. fxe4 Bg4 14. Be2 Bxe2
15. Nxe2 e6 16. Rhg1 Ne7 17. Qa3 c5 18. Rg3 e5 19. dxc5 Qc6 20. Be3 Qxe4 21.
Nf2 Qxh4 22. Rg4 Qf6 23. Ne4 Qc6 24. Qxa7 Nf5 25. Nd6+ Nxd6 26. Rxd6 Qh1+ 27.
Rg1 Qf3 28. c6 bxc6 29. Rgd1 c5 30. Bxc5 1-0

[Event "4NCL/Div2b/PPA2 vs. WWKS1"]
[Site "Hinckley Island ENG"]
[Date "2010.01.16"]
[Round "3.3"]
[White "Winfridsson, Ola"]
[Black "Hynes, AM (Tony)"]
[Result "1/2-1/2"]
[WhiteElo "2133"]
[BlackElo "2223"]
[PlyCount "38"]
[EventDate "2010.01.16"]
[EventRounds "11"]
[EventCountry "ENG"]
[SourceDate "2009.10.24"]

1. e4 e5 2. Nc3 Nf6 3. g3 d5 4. exd5 Nxd5 5. Bg2 Nxc3 6. bxc3 Bd6 7. Nf3 O-O 8.
O-O c6 9. d3 Nd7 10. Re1 Re8 11. d4 exd4 12. Rxe8+ Qxe8 13. cxd4 Nb6 14. Qd3 f6
15. c4 Bf8 16. Be3 Be6 17. Nd2 Qf7 18. Rc1 Rd8 19. Qb3 Qh5 1/2-1/2

[Event "4NCL/Div2b/PPA2 vs. WWKS1"]
[Site "Hinckley Island ENG"]
[Date "2010.01.16"]
[Round "3.4"]
[White "Shephard, Chris CW"]
[Black "Rosen, Daniel B"]
[Result "1/2-1/2"]
[WhiteElo "2206"]
[BlackElo "2137"]
[PlyCount "49"]
[EventDate "2010.01.16"]
[EventRounds "11"]
[EventCountry "ENG"]
[SourceDate "2009.10.24"]

1. c4 f5 2. g3 Nf6 3. Bg2 e5 4. d4 exd4 5. Qxd4 Nc6 6. Qd1 Bc5 7. Nf3 d6 8. O-O
O-O 9. Nc3 Qe8 10. Na4 Bb6 11. Nxb6 axb6 12. b3 Bd7 13. Bb2 Qh5 14. Nd4 f4 15.
Nxc6 Bxc6 16. Qd3 Rae8 17. Rae1 fxg3 18. fxg3 Ng4 19. h3 Bxg2 20. Rxf8+ Rxf8
21. Qd4 Qh6 22. Kxg2 Nf2 23. h4 Qg6 24. Qd5+ Qf7 25. Qxf7+ 1/2-1/2

[Event "4NCL/Div2b/PPA2 vs. WWKS1"]
[Site "Hinckley Island ENG"]
[Date "2010.01.16"]
[Round "3.5"]
[White "Kemp, Paul R"]
[Black "Clarke, Brandon GI"]
[Result "1/2-1/2"]
[WhiteElo "2109"]
[BlackElo "2039"]
[PlyCount "69"]
[EventDate "2010.01.16"]
[EventRounds "11"]
[EventCountry "ENG"]
[SourceDate "2009.10.24"]

1. e4 e6 2. d4 d5 3. exd5 exd5 4. Bd3 Nc6 5. c3 Bd6 6. Qf3 Nge7 7. Ne2 Be6 8.
Bf4 Ng6 9. Bxd6 Qxd6 10. O-O O-O-O 11. Nd2 h5 12. Qg3 h4 13. Qxd6 Rxd6 14. f4
Nge7 15. f5 Bd7 16. Rf4 Rf6 17. Raf1 Rh5 18. g4 hxg3 19. Nxg3 Rh8 20. R1f2 Ng8
21. Ndf1 Rfh6 22. Ne3 Nf6 23. Ngf1 Ne7 24. Rg2 Rh3 25. Rg3 R3h6 26. Rf2 Nh5 27.
Rgg2 b5 28. Ng3 Nf6 29. Ne2 Rh3 30. Rg3 c6 31. Nf4 R3h7 32. Ne2 Kd8 33. Rfg2
Nh5 34. Rf3 Nc8 35. Ng4 1/2-1/2

[Event "4NCL/Div2b/PPA2 vs. WWKS1"]
[Site "Hinckley Island ENG"]
[Date "2010.01.16"]
[Round "3.6"]
[White "Baruch, Andrew JD"]
[Black "Bailey, Kevin J"]
[Result "1/2-1/2"]
[WhiteElo "2089"]
[BlackElo "2083"]
[PlyCount "29"]
[EventDate "2010.01.16"]
[EventRounds "11"]
[EventCountry "ENG"]
[SourceDate "2009.10.24"]

1. c4 f5 2. g3 Nf6 3. Bg2 g6 4. Nc3 Bg7 5. d3 d6 6. e4 fxe4 7. dxe4 O-O 8. Nge2
c5 9. O-O Nc6 10. h4 e5 11. f4 Be6 12. Nd5 Nd4 13. Nxd4 exd4 14. Bd2 Nxd5 15.
exd5 1/2-1/2

[Event "4NCL/Div2b/PPA2 vs. WWKS1"]
[Site "Hinckley Island ENG"]
[Date "2010.01.16"]
[Round "3.7"]
[White "McMahon, Paul"]
[Black "Fishburne, Stewart K"]
[Result "1-0"]
[WhiteElo "2043"]
[BlackElo "2106"]
[PlyCount "80"]
[EventDate "2010.01.16"]
[EventRounds "11"]
[EventCountry "ENG"]
[SourceDate "2009.10.24"]

1. Nc3 g6 2. d4 Bg7 3. e4 d6 4. Be3 a6 5. Qd2 Nd7 6. O-O-O b5 7. a3 Bb7 8. f3
Rc8 9. g4 c5 10. dxc5 Nxc5 11. Bd4 Nf6 12. g5 Nh5 13. Bxg7 Nxg7 14. Kb1 O-O 15.
Nd5 Nd7 16. h4 Bxd5 17. Qxd5 Qc7 18. Rh2 Nh5 19. Nh3 Nb6 20. Qb3 Nc4 21. f4 a5
22. f5 a4 23. Qc3 d5 24. e5 e6 25. f6 Nxe5 26. Qxc7 Rxc7 27. Bxb5 Nf3 28. Rf2
Nxh4 29. Bxa4 Nf5 30. Nf4 Rc4 31. Nxh5 gxh5 32. Bb5 Rg4 33. Bd3 Nd6 34. Rh1
Rxg5 35. Rfh2 Ne8 36. Rf1 e5 37. Be2 Rg6 38. Rxh5 Nxf6 39. Rxe5 Rd8 40. Bd3 Ng4
{Although Black had played his 40th move and pressed the clock, he had
overstepped the the time limit} 1-0

[Event "4NCL/Div2b/PPA2 vs. WWKS1"]
[Site "Hinckley Island ENG"]
[Date "2010.01.16"]
[Round "3.8"]
[White "James, Ann-Marie"]
[Black "Redman, David"]
[Result "1/2-1/2"]
[WhiteElo "2050"]
[BlackElo "1866"]
[PlyCount "56"]
[EventDate "2010.01.16"]
[EventRounds "11"]
[EventCountry "ENG"]
[SourceDate "2009.10.24"]

1. e4 e5 2. Nf3 Nc6 3. d4 exd4 4. Nxd4 Nxd4 5. Qxd4 d6 6. Bc4 Nf6 7. e5 Qe7 8.
f4 dxe5 9. fxe5 Ng4 10. Bf4 f6 11. Qd2 Nxe5 12. Be2 Qd6 13. Qe3 Be7 14. Nc3 Qc5
15. Qg3 O-O 16. O-O-O Be6 17. Bh6 Ng6 18. Be3 Qe5 19. Qf2 Bb4 20. Bd4 Qf4+ 21.
Qxf4 Nxf4 22. Bf3 c6 23. g3 Bxc3 24. Bxc3 Nd5 25. Bd4 a6 26. c4 Nc7 27. Bb6
Rac8 28. b3 Rfe8 1/2-1/2

[Event "4NCL/Div2b/CHED vs. FCA1"]
[Site "Hinckley Island ENG"]
[Date "2010.01.16"]
[Round "3.1"]
[White "Gormally, Daniel W"]
[Black "Tippleston, Charles E"]
[Result "1-0"]
[WhiteElo "2479"]
[BlackElo "2137"]
[PlyCount "85"]
[EventDate "2010.01.16"]
[EventRounds "11"]
[EventCountry "ENG"]
[SourceDate "2009.10.24"]

1. d4 Nf6 2. Bg5 e6 3. e4 h6 4. Bxf6 Qxf6 5. c3 d5 6. Nd2 c5 7. Ngf3 cxd4 8.
Nxd4 Bc5 9. Bb5+ Nd7 10. exd5 Qe5+ 11. Qe2 Qxd5 12. Ne4 O-O 13. Nb3 b6 14. Rd1
Qb7 15. Bxd7 Bxd7 16. Nbxc5 bxc5 17. O-O Rfb8 18. Nxc5 Bb5 19. c4 Qc8 20. b4
Bc6 21. Nd3 Qb7 22. f3 Qb6+ 23. Qf2 Ba4 24. Rc1 Rd8 25. Rc3 Rd4 26. Nc5 Rad8
27. Nxa4 Qxb4 28. Qc2 Rd2 29. Qb3 Qd6 30. Rcc1 Qd4+ 31. Kh1 Qe5 32. f4 Qe4 33.
Qf3 Qxf3 34. Rxf3 Rxa2 35. Nc3 Ra3 36. Kg1 Kf8 37. f5 exf5 38. Rxf5 Rd3 39. Nd5
Ra4 40. c5 Rad4 41. c6 Rxd5 42. Rxd5 Rxd5 43. c7 1-0

[Event "4NCL/Div2b/CHED vs. FCA1"]
[Site "Hinckley Island ENG"]
[Date "2010.01.16"]
[Round "3.2"]
[White "Almond, Richard J"]
[Black "Arkell, Keith C"]
[Result "0-1"]
[WhiteElo "2144"]
[BlackElo "2478"]
[PlyCount "88"]
[EventDate "2010.01.16"]
[EventRounds "11"]
[EventCountry "ENG"]
[SourceDate "2009.10.24"]

1. d4 e6 2. c4 Bb4+ 3. Bd2 Bxd2+ 4. Qxd2 d5 5. Nc3 Nf6 6. e3 Nbd7 7. cxd5 exd5
8. Bd3 O-O 9. Nge2 b6 10. b4 c6 11. O-O Qe7 12. Rab1 a5 13. b5 c5 14. a4 Bb7
15. Ng3 g6 16. Be2 Rfd8 17. Bf3 Ne4 18. Qd3 f5 19. Nge2 Rac8 20. Rfc1 Ndf6 21.
g3 g5 22. Bg2 Re8 23. Nd1 c4 24. Qc2 Rc7 25. Nec3 f4 26. Qe2 Qd6 27. Rc2 Rce7
28. Nxe4 Nxe4 29. Nc3 Nf6 30. e4 dxe4 31. Qxc4+ Kh8 32. Re1 Rc8 33. Qb3 Qxd4
34. Rd1 Qe5 35. Na2 Rce8 36. Re1 e3 37. fxe3 fxg3 38. hxg3 Qxg3 39. Qc3 Re5 40.
Ree2 Ng4 41. e4 Qh2+ 42. Kf1 Rf8+ 43. Rf2 Nxf2 44. Rxf2 Rxf2+ 0-1

[Event "4NCL/Div2b/CHED vs. FCA1"]
[Site "Hinckley Island ENG"]
[Date "2010.01.16"]
[Round "3.3"]
[White "Eggleston, David J"]
[Black "Smith, Graham M"]
[Result "1-0"]
[WhiteElo "2368"]
[BlackElo "2106"]
[PlyCount "53"]
[EventDate "2010.01.16"]
[EventRounds "11"]
[EventCountry "ENG"]
[SourceDate "2009.10.24"]

1. e4 c5 2. Nf3 e6 3. d4 cxd4 4. Nxd4 Nc6 5. Nc3 Qc7 6. Be3 a6 7. Bd3 Nf6 8.
O-O b5 9. Nxc6 Qxc6 10. f3 Bc5 11. Qe1 Qb6 12. Bxc5 Qxc5+ 13. Kh1 d6 14. a4 b4
15. Na2 Rb8 16. Nc1 a5 17. Nb3 Qb6 18. e5 dxe5 19. Qxe5 Ra8 20. Bb5+ Ke7 21.
Nd4 Bb7 22. Nf5+ Kf8 23. Nxg7 Kxg7 24. Qg5+ Kf8 25. Qxf6 Rg8 26. Rad1 Rg6 27.
Qh8+ 1-0

[Event "4NCL/Div2b/CHED vs. FCA1"]
[Site "Hinckley Island ENG"]
[Date "2010.01.16"]
[Round "3.4"]
[White "Brown, Alan M"]
[Black "Bellin, Robert"]
[Result "0-1"]
[WhiteElo "2109"]
[BlackElo "2388"]
[PlyCount "94"]
[EventDate "2010.01.16"]
[EventRounds "11"]
[EventCountry "ENG"]
[SourceDate "2009.10.24"]

1. d4 Nf6 2. c4 e6 3. Nc3 Bb4 4. Qc2 c5 5. dxc5 Qc7 6. Nf3 a6 7. e3 Bxc5 8. Bd3
Be7 9. O-O d6 10. Bd2 Nbd7 11. Rac1 b6 12. Ne4 Bb7 13. Nxf6+ Nxf6 14. e4 O-O
15. Bc3 Nd7 16. Rfe1 Ne5 17. Nxe5 dxe5 18. b4 a5 19. a3 Rfd8 20. Red1 Bg5 21.
Rb1 Rd7 22. Bd2 Bxd2 23. Rxd2 Rad8 24. Rdd1 Rd4 25. f3 Ba6 26. Be2 g6 27. Rxd4
Rxd4 28. Rd1 Qd8 29. b5 Bb7 30. Kf1 f5 31. exf5 exf5 32. Rxd4 Qxd4 33. Qd3 Qxd3
34. Bxd3 Kf7 35. Ke2 Ke7 36. Kd2 Kd6 37. Be2 Kc5 38. Kc3 Bc8 39. g3 g5 40. Bd3
h6 41. Be2 f4 42. gxf4 exf4 43. Kd3 Bf5+ 44. Kc3 h5 45. Bf1 g4 46. fxg4 hxg4
47. Be2 g3 0-1

[Event "4NCL/Div2b/CHED vs. FCA1"]
[Site "Hinckley Island ENG"]
[Date "2010.01.16"]
[Round "3.5"]
[White "Hawkins, Jonathan"]
[Black "Borrowdale, Graham E"]
[Result "1-0"]
[WhiteElo "2383"]
[BlackElo "2074"]
[PlyCount "77"]
[EventDate "2010.01.16"]
[EventRounds "11"]
[EventCountry "ENG"]
[SourceDate "2009.10.24"]

1. d4 e6 2. c4 Nf6 3. Nc3 Bb4 4. f3 d5 5. a3 Bxc3+ 6. bxc3 O-O 7. cxd5 exd5 8.
e3 Bf5 9. Ne2 Nbd7 10. Ng3 Bg6 11. Bd3 c5 12. O-O Re8 13. Ra2 Rc8 14. Re2 cxd4
15. Bxg6 hxg6 16. cxd4 Qb6 17. e4 Rc4 18. Bb2 dxe4 19. fxe4 Ne5 20. Kh1 Neg4
21. Qd3 Rc7 22. h3 Nh6 23. d5 Qd6 24. Bc1 Nd7 25. Bf4 Ne5 26. Qe3 b5 27. a4 b4
28. Bxh6 Rc3 29. Qxa7 gxh6 30. Re3 Rec8 31. a5 Rxe3 32. Qxe3 Rc3 33. Qf4 Ra3
34. Ne2 Kg7 35. Nd4 Qe7 36. Ne6+ fxe6 37. Qxe5+ Kg8 38. Qb8+ Kg7 39. d6 1-0

[Event "4NCL/Div2b/CHED vs. FCA1"]
[Site "Hinckley Island ENG"]
[Date "2010.01.16"]
[Round "3.6"]
[White "Habershon, Paul F"]
[Black "Wallace, Paul A"]
[Result "1/2-1/2"]
[WhiteElo "2089"]
[BlackElo "2238"]
[PlyCount "80"]
[EventDate "2010.01.16"]
[EventRounds "11"]
[EventCountry "ENG"]
[SourceDate "2009.10.24"]

1. e4 e5 2. Nf3 Nc6 3. d4 exd4 4. Nxd4 Qf6 5. Nb5 Bc5 6. Qe2 Bb6 7. N1c3 Nge7
8. Be3 Ba5 9. O-O-O a6 10. Nd5 Nxd5 11. exd5 axb5 12. Bd4+ Qe7 13. dxc6 bxc6
14. Qg4 f5 15. Qxg7 Qxg7 16. Bxg7 Rg8 17. Bd4 d5 18. c3 Bb6 19. a3 Be6 20. g3
Kd7 21. Be2 Kd6 22. Bxb6 cxb6 23. f4 Rg7 24. Rhe1 h5 25. Bd3 h4 26. Re3 Rh8 27.
Rde1 Bd7 28. Re5 hxg3 29. hxg3 Rxg3 30. Bxf5 Bxf5 31. Rxf5 Rh2 32. Kb1 Kc5 33.
Re4 Rg6 34. Rfe5 Rf2 35. f5 Rf6 36. b4+ Kd6 37. Re6+ Rxe6 38. Rxe6+ Kd7 39. Rf6
Re2 40. Rh6 Rf2 1/2-1/2

[Event "4NCL/Div2b/CHED vs. FCA1"]
[Site "Hinckley Island ENG"]
[Date "2010.01.16"]
[Round "3.7"]
[White "Bennett, Patrick J"]
[Black "Kendall, Paul SN"]
[Result "1-0"]
[WhiteElo "2087"]
[BlackElo "2069"]
[PlyCount "67"]
[EventDate "2010.01.16"]
[EventRounds "11"]
[EventCountry "ENG"]
[SourceDate "2009.10.24"]

1. Nf3 c5 2. e3 g6 3. d4 Bg7 4. Bd3 Nf6 5. O-O d6 6. Nbd2 O-O 7. c3 Nc6 8. Re1
e5 9. dxe5 dxe5 10. Qc2 Nd5 11. Bf1 h6 12. Rd1 Qe7 13. Nb3 Nb6 14. e4 Be6 15.
h3 Nd7 16. Be3 c4 17. Nbd2 b5 18. b3 cxb3 19. axb3 a6 20. b4 Rfc8 21. Qb2 f5
22. Nb3 f4 23. Bc5 Qf7 24. Nfd2 g5 25. Ra3 Bf8 26. Bxf8 Rxf8 27. Rda1 Nb6 28.
Nc5 Bc4 29. Rxa6 Bxf1 30. Rxb6 Rxa1 31. Qxa1 Rd8 32. Nxf1 Qc7 33. Rb7 Qd6 34.
Qa2+ 1-0